000 00196nam a2200109Ia 4500
100 _a#N/A
942 _cBK
654 _aplayware
245 _aPlayware
260 _b#N/A
_c2004
546 _aENGLISH
999 _c23821
_d23821